[Event "Araraquara op 2nd"]
[Site "Araraquara"]
[Date "2024.02.13"]
[Round "7"]
[White "Trombini, Fabio"]
[Black "Santana, Expedito"]
[Result "1-0"]
[WhiteElo "1800"]
[BlackElo "1408"]
[PlyCount "70"]
[EventDate "2024.02.10"]
[EventType "swiss"]
[EventRounds "7"]
[EventCountry "BRA"]
[SourceTitle "CB09_2024"]
[SourceDate "2024.02.28"]
[SourceVersion "1"]
[SourceVersionDate "2024.02.28"]
[SourceQuality "1"]

1. b3 e5 2. Bb2 Nc6 3. c4 Bc5 4. e3 Nf6 5. Qc2 0-0 6. Nc3 a6 7. a3 d5 8. cxd5 Nxd5 9. Nxd5 Qxd5 10. Nf3 h6 11. Bc4 Qd6 12. b4 Bb6 13. 0-0 Be6 14. d4 Bxc4 15. Qxc4 exd4 16. Rad1 Ne5 17. Nxe5 Qxe5 18. Bxd4 Bxd4 19. Rxd4 Rad8 20. Rfd1 Rxd4 21. Rxd4 Re8 22. g3 Re7 23. Rd8+ Kh7 24. Qd3+ g6 25. h4 h5 26. Rb8 c6 27. Qd8 f5 28. Qg8+ Kh6 29. Qc8 Qg7 30. Kg2 Rc7 31. Qe6 Re7 32. Qc4 Kh7 33. a4 Qf7 34. Qc5 Kg7 35. Qd4+ Kh7 1-0

[Event "Araraquara op 2nd"]
[Site "Araraquara"]
[Date "2024.02.10"]
[Round "1"]
[White "Santana, Expedito"]
[Black "Silva, Caio Henrique Angel"]
[Result "0-1"]
[WhiteElo "1408"]
[BlackElo "2073"]
[PlyCount "44"]
[EventDate "2024.02.10"]
[EventType "swiss"]
[EventRounds "7"]
[EventCountry "BRA"]
[SourceTitle "CB09_2024"]
[SourceDate "2024.02.28"]
[SourceVersion "1"]
[SourceVersionDate "2024.02.28"]
[SourceQuality "1"]

1. d4 Nf6 2. Bf4 d5 3. e3 c5 4. c3 Nc6 5. h3 Qb6 6. Qc1 cxd4 7. exd4 Bf5 8. Nf3 Rc8 9. Be3 Nb4 10. Na3 Nd3+ 11. Bxd3 Bxd3 12. Ne5 Ba6 13. f3 e6 14. Nb1 Bd6 15. Kf2 Qc7 16. Bf4 Nh5 17. Bh2 f6 18. Ng4 Bxh2 19. Nxh2 Qg3+ 20. Ke3 Nf4 21. Ng4 Nxg2+ 22. Kd2 h5 0-1

[Event "Sao Paulo Sampa op"]
[Site "Sao Paulo"]
[Date "2024.01.30"]
[Round "3"]
[White "Moreira, Paulo Vinicius Mace"]
[Black "Santana, Expedito"]
[Result "1-0"]
[WhiteElo "1667"]
[BlackElo "1408"]
[PlyCount "101"]
[EventDate "2024.01.29"]
[EventType "swiss"]
[EventRounds "9"]
[EventCountry "BRA"]
[SourceTitle "CB06_2024"]
[SourceDate "2024.02.07"]
[SourceVersion "1"]
[SourceVersionDate "2024.02.07"]
[SourceQuality "1"]

1. d4 d5 2. Nf3 Nf6 3. c4 c6 4. g3 Bf5 5. Bg2 e6 6. 0-0 Bd6 7. Bf4 Bxf4 8. gxf4 0-0 9. Nbd2 Nbd7 10. Ne5 Ne4 11. Nxe4 Bxe4 12. f3 Bg6 13. Qb3 Rb8 14. Rad1 dxc4 15. Qxc4 Nb6 16. Qb3 Nd5 17. e3 Qc7 18. Rfe1 Rfd8 19. Qa4 Ra8 20. Rc1 Qb6 21. Nxg6 hxg6 22. Re2 Nxf4 23. Rd2 Nd5 24. Re1 c5 25. f4 cxd4 26. Qxd4 Qxd4 27. Rxd4 Rac8 28. Red1 Re8 29. Kf2 Rc2+ 30. R1d2 Rxd2+ 31. Rxd2 Rc8 32. Ke2 Rd8 33. Ke1 Rc8 34. Bxd5 exd5 35. Rxd5 Rc2 36. Rd2 Rc1+ 37. Ke2 Rc7 38. Rd8+ Kh7 39. Kd2 f6 40. Kd3 g5 41. fxg5 fxg5 42. Rd4 Rf7 43. h4 gxh4 44. Rxh4+ Kg6 45. Ra4 b6 46. Kd4 Kh5 47. e4 g5 48. Ra3 g4 49. e5 Rd7+ 50. Ke4 Kg5 51. e6 1-0

[Event "Sao Paulo Sampa op"]
[Site "Sao Paulo"]
[Date "2024.01.30"]
[Round "2"]
[White "Santana, Expedito"]
[Black "Lima, Hamilton Da Silva"]
[Result "0-1"]
[WhiteElo "1408"]
[BlackElo "1778"]
[PlyCount "74"]
[EventDate "2024.01.29"]
[EventType "swiss"]
[EventRounds "9"]
[EventCountry "BRA"]
[SourceTitle "CB06_2024"]
[SourceDate "2024.02.07"]
[SourceVersion "1"]
[SourceVersionDate "2024.02.07"]
[SourceQuality "1"]

1. d4 Nf6 2. Bf4 d5 3. e3 e6 4. Nf3 Nbd7 5. Nbd2 Be7 6. Bd3 c5 7. c3 Nh5 8. Bg3 Nxg3 9. fxg3 Qc7 10. 0-0 e5 11. dxe5 Nxe5 12. Nxe5 Qxe5 13. Bb5+ Bd7 14. Bxd7+ Kxd7 15. Qa4+ Kc7 16. Qf4 Qxf4 17. gxf4 Rad8 18. Rad1 f5 19. Nf3 Bf6 20. Rd2 Rhe8 21. Kf2 g6 22. Rfd1 Kc6 23. g3 b5 24. h4 a5 25. a3 Re4 26. Ne1 b4 27. cxb4 axb4 28. axb4 Rxb4 29. Nd3 Rb7 30. Rc1 c4 31. Rdc2 Rdb8 32. Ne5+ Bxe5 33. fxe5 Re8 34. Kf3 Rxe5 35. Kf4 Re4+ 36. Kf3 Rb3 37. Rc3 Rb7 0-1

[Event "Osasco op"]
[Site "Osasco"]
[Date "2023.12.03"]
[Round "5"]
[White "Santana, Expedito"]
[Black "Fontana Filho, Richard Touceda"]
[Result "1-0"]
[WhiteElo "1410"]
[BlackElo "1232"]
[PlyCount "43"]
[EventDate "2023.12.01"]
[EventType "swiss"]
[EventRounds "6"]
[EventCountry "BRA"]
[SourceTitle "CB50_2023"]
[SourceDate "2023.12.13"]
[SourceVersion "1"]
[SourceVersionDate "2023.12.13"]
[SourceQuality "1"]

1. d4 Nf6 2. Bf4 d5 3. e3 c5 4. c3 Nc6 5. Nd2 Qb6 6. Qc2 Bg4 7. Be2 Rc8 8. Bxg4 Nxg4 9. Qf5 e6 10. Qxg4 Qxb2 11. Qd1 Qxc3 12. Ngf3 Be7 13. 0-0 0-0 14. dxc5 Qxc5 15. Nb3 Qa3 16. Rc1 Qb4 17. Qd2 Qa3 18. Rb1 Bf6 19. Nbd4 Nxd4 20. exd4 b6 21. h3 Rc3 22. Bd6 1-0

[Event "Niteroi op 3rd"]
[Site "Niteroi"]
[Date "2023.09.08"]
[Round "7"]
[White "Santana, Expedito"]
[Black "Chanduvi Loayza, Fidel Maximo"]
[Result "0-1"]
[WhiteElo "1385"]
[BlackElo "1958"]
[PlyCount "28"]
[EventDate "2023.09.04"]
[EventType "swiss"]
[EventRounds "9"]
[EventCountry "BRA"]
[SourceTitle "EXT 2024"]
[Source "ChessBase"]
[SourceDate "2023.10.10"]
[SourceVersion "1"]
[SourceVersionDate "2023.10.10"]
[SourceQuality "1"]

1. d4 Nf6 2. Nf3 g6 3. Nbd2 c5 4. c3 d6 5. e3 Bg7 6. Bd3 0-0 7. 0-0 Nc6 8. Bb5 Bd7 9. h3 Qc7 10. Qc2 Rac8 11. Ne4 cxd4 12. Nxf6+ Bxf6 13. exd4 Nxd4 14. Nxd4 Bxd4 0-1

[Event "Niteroi op 3rd"]
[Site "Niteroi"]
[Date "2023.09.07"]
[Round "6"]
[White "Santos, Alan Gomes Florenci"]
[Black "Santana, Expedito"]
[Result "0-1"]
[WhiteElo "1722"]
[BlackElo "1385"]
[PlyCount "52"]
[EventDate "2023.09.04"]
[EventType "swiss"]
[EventRounds "9"]
[EventCountry "BRA"]
[SourceTitle "EXT 2024"]
[Source "ChessBase"]
[SourceDate "2023.10.10"]
[SourceVersion "1"]
[SourceVersionDate "2023.10.10"]
[SourceQuality "1"]

1. d4 Nf6 2. Nf3 d5 3. c4 c6 4. cxd5 cxd5 5. Nc3 e6 6. Bf4 Bd6 7. Ne5 a6 8. e3 Nc6 9. Nxc6 bxc6 10. Bxd6 Qxd6 11. a3 a5 12. Rc1 0-0 13. Na4 Ba6 14. Bxa6 Rxa6 15. 0-0 Raa8 16. Qc2 Ra6 17. Qe2 Rfa8 18. f3 Nd7 19. Rc3 Nb6 20. Nxb6 Rxb6 21. Rfc1 Rab8 22. b4 axb4 23. axb4 Qxb4 24. Rxc6 Rxc6 25. Rxc6 g6 26. Qc2 Qe1# 0-1

[Event "Caioba op 7th"]
[Site "Caioba"]
[Date "2023.06.20"]
[Round "4"]
[White "Santana, Expedito"]
[Black "Lucia, Reinaldo Di"]
[Result "0-1"]
[WhiteElo "1409"]
[BlackElo "1205"]
[PlyCount "59"]
[EventDate "2023.06.18"]
[EventType "swiss"]
[EventRounds "9"]
[EventCountry "BRA"]
[SourceTitle "CBM 214 Extra"]
[Source "ChessBase"]
[SourceDate "2023.07.31"]
[SourceVersion "1"]
[SourceVersionDate "2023.07.31"]
[SourceQuality "1"]

1. d4 d5 2. Nf3 Nf6 3. e3 Bg4 4. Be2 e6 5. Qd3 a6 6. Qb3 b5 7. c3 c5 8. Nbd2 c4 9. Qd1 Bd6 10. Ng5 Bxe2 11. Qxe2 h6 12. Ngf3 Nc6 13. e4 dxe4 14. Nxe4 Nd5 15. Nxd6+ Qxd6 16. a3 0-0 17. 0-0 Rfe8 18. Re1 Ra7 19. Ne5 Rae7 20. Nxc6 Qxc6 21. Qf3 Qd6 22. Qg4 e5 23. dxe5 Rxe5 24. Rxe5 Rxe5 25. Bd2 Nf6 26. Qd4 Rd5 27. Bf4 Rxd4 28. Bxd6 Rxd6 29. Kf1 Rd2 30. Rb1 0-1

[Event "Araraquara op"]
[Site "Araraquara"]
[Date "2023.02.19"]
[Round "2.52"]
[White "Da Silva, Wanderlei Jose"]
[Black "Santana, Expedito"]
[Result "1-0"]
[WhiteElo "1795"]
[BlackElo "1403"]
[PlyCount "60"]
[EventDate "2023.02.19"]
[EventType "swiss"]
[EventRounds "6"]
[EventCountry "BRA"]
[SourceTitle "CBM 213 Extra"]
[Source "ChessBase"]
[SourceDate "2023.05.31"]
[SourceVersion "1"]
[SourceVersionDate "2023.05.31"]
[SourceQuality "1"]

1. e4 c6 2. Nf3 d5 3. exd5 cxd5 4. d4 Nf6 5. Be2 Bf5 6. 0-0 e6 7. Bb5+ Nc6 8. Nc3 Be7 9. Ne5 Qb6 10. a3 0-0 11. Bxc6 bxc6 12. b4 Bxc2 13. Qxc2 Qxd4 14. Qe2 Bd6 15. Nxc6 Qg4 16. Qxg4 Nxg4 17. h3 Nh2 18. Rd1 Nf3+ 19. Kf1 Rfc8 20. Nd4 Nxd4 21. Rxd4 Be5 22. Rd3 a6 23. Bd2 Rab8 24. Re1 Bf6 25. b5 Rc4 26. Na4 Be7 27. Rc3 Rxc3 28. Nxc3 a5 29. a4 Ba3 30. Rb1 Ra8 1-0

[Event "Matinhos op 6th"]
[Site "Matinhos"]
[Date "2022.09.21"]
[Round "5.15"]
[White "Shaffer, Alexander"]
[Black "Santana, Expedito"]
[Result "1-0"]
[WhiteElo "1698"]
[BlackElo "1458"]
[PlyCount "47"]
[EventDate "2022.09.18"]
[EventType "swiss"]
[EventRounds "7"]
[EventCountry "BRA"]
[SourceTitle "CBM 210 Extra"]
[Source "ChessBase"]
[SourceDate "2022.11.30"]
[SourceVersion "1"]
[SourceVersionDate "2022.11.30"]
[SourceQuality "1"]

1. d4 d5 2. Nf3 Bf5 3. c4 e6 4. Nc3 Bb4 5. Qa4+ Nc6 6. cxd5 Qxd5 7. Bd2 Bxc3 8. Bxc3 Nf6 9. Ne5 0-0 10. Nxc6 bxc6 11. f3 Qb5 12. Qa3 Qb7 13. e3 h6 14. Ba6 Qb8 15. 0-0 Bh7 16. Rac1 Nd5 17. Bd2 Qb6 18. Rc5 Rab8 19. b3 Nb4 20. Bxb4 Qxb4 21. Qxb4 Rxb4 22. Rxc6 Rb6 23. Rfc1 Rfb8 24. Rxc7 1-0

[Event "Sao Jose dos Campos op"]
[Site "Sao Jose dos Campos"]
[Date "2022.09.09"]
[Round "3"]
[White "De Souza, Mayara Cardozo Lima"]
[Black "Santana, Expedito"]
[Result "1-0"]
[WhiteElo "1037"]
[BlackElo "1458"]
[PlyCount "77"]
[EventDate "2022.09.08"]
[EventType "swiss"]
[EventRounds "7"]
[EventCountry "BRA"]
[SourceTitle "CBM 210 Extra"]
[Source "ChessBase"]
[SourceDate "2022.11.30"]
[SourceVersion "1"]
[SourceVersionDate "2022.11.30"]
[SourceQuality "1"]

1. d4 d5 2. c4 c6 3. Nf3 Nf6 4. Nc3 Bf5 5. e3 e6 6. c5 Nbd7 7. b4 a6 8. Be2 e5 9. dxe5 Ng4 10. Nd4 Nh6 11. Nxf5 Nxf5 12. Bg4 Nh6 13. Bxd7+ Qxd7 14. Bb2 Qg4 15. 0-0 Qxb4 16. Na4 Bxc5 17. Nxc5 Qxc5 18. e6 Qf8 19. e7 Kxe7 20. Ba3+ Kd7 21. Bxf8 Rhxf8 22. e4 Kd6 23. Rc1 Rfe8 24. e5+ Kd7 25. f4 g6 26. Rb1 Rab8 27. h3 Nf5 28. g4 Ng7 29. Qd3 Ne6 30. f5 Nc5 31. Qc2 Ne4 32. fxg6 fxg6 33. Rfd1 Rxe5 34. Qb2 Re7 35. Qd4 Kc7 36. Qb6+ Kc8 37. Rf1 Re8 38. Rf7 Ng5 39. Qc7# 1-0

[Event "Mombaca op 6th"]
[Site "Mombaca"]
[Date "2022.08.21"]
[Round "6"]
[White "Santana, Expedito"]
[Black "Cuba, Jonathas Duarte Mei"]
[Result "0-1"]
[WhiteElo "1462"]
[BlackElo "1747"]
[PlyCount "80"]
[EventDate "2022.08.19"]
[EventType "swiss"]
[EventRounds "6"]
[EventCountry "BRA"]
[SourceTitle "CBM 210 Extra"]
[Source "ChessBase"]
[SourceDate "2022.11.30"]
[SourceVersion "1"]
[SourceVersionDate "2022.11.30"]
[SourceQuality "1"]

1. d4 Nf6 2. Bf4 e6 3. Nf3 c5 4. e3 Nd5 5. Bg3 Qb6 6. Qc1 cxd4 7. exd4 Nc6 8. c3 Be7 9. Bd3 d6 10. 0-0 Nf6 11. h3 Bd7 12. Nbd2 Rc8 13. Nc4 Qc7 14. Qf4 Nh5 15. Nxd6+ Bxd6 16. Qxd6 Nxg3 17. Qxc7 Rxc7 18. fxg3 0-0 19. Rf2 Ne7 20. g4 Bc6 21. Ne5 Ng6 22. Nxg6 hxg6 23. Raf1 Rd8 24. Bc4 a6 25. Bb3 b5 26. a3 Be8 27. Ba2 a5 28. Rd1 Bc6 29. Rfd2 Rcd7 30. Kf2 Kf8 31. Ke3 Ke7 32. g5 Bd5 33. Bxd5 Rxd5 34. b3 Rxg5 35. g4 Rgd5 36. c4 bxc4 37. bxc4 R5d7 38. Rb1 Rh8 39. Rh2 f5 40. g5 Rh4 0-1

[Event "Mombaca op 6th"]
[Site "Mombaca"]
[Date "2022.08.20"]
[Round "3"]
[White "Alonso, Murilo Souza Lima"]
[Black "Santana, Expedito"]
[Result "0-1"]
[WhiteElo "1800"]
[BlackElo "1462"]
[PlyCount "53"]
[EventDate "2022.08.19"]
[EventType "swiss"]
[EventRounds "6"]
[EventCountry "BRA"]
[SourceTitle "CBM 210 Extra"]
[Source "ChessBase"]
[SourceDate "2022.11.30"]
[SourceVersion "1"]
[SourceVersionDate "2022.11.30"]
[SourceQuality "1"]

1. e4 c6 2. Nf3 d5 3. exd5 cxd5 4. d4 Bf5 5. Bd3 Bxd3 6. Qxd3 a6 7. 0-0 e6 8. Bf4 Bd6 9. Bxd6 Qxd6 10. c4 Nf6 11. Ne5 dxc4 12. Nxc4 Qd8 13. Nc3 Nc6 14. d5 Nb4 15. Qe2 Nbxd5 16. Nxd5 Nxd5 17. Rad1 0-0 18. Ne3 Nf4 19. Qf3 Qg5 20. g3 Ng6 21. h4 Nxh4 22. Qxb7 Rab8 23. Qe4 Ng6 24. Rd3 Qf6 25. Rb3 Rbd8 26. Rd1 a5 27. Rdd3 0-1

[Event "Mombaca op 6th"]
[Site "Mombaca"]
[Date "2022.08.20"]
[Round "4"]
[White "Santana, Expedito"]
[Black "Dias, Inacio Januario"]
[Result "1-0"]
[WhiteElo "1462"]
[BlackElo "1802"]
[PlyCount "66"]
[EventDate "2022.08.19"]
[EventType "swiss"]
[EventRounds "6"]
[EventCountry "BRA"]
[SourceTitle "CBM 210 Extra"]
[Source "ChessBase"]
[SourceDate "2022.11.30"]
[SourceVersion "1"]
[SourceVersionDate "2022.11.30"]
[SourceQuality "1"]

1. d4 d5 2. Nf3 Nf6 3. h3 e6 4. Bf4 Be7 5. e3 0-0 6. Bd3 c5 7. c3 Nc6 8. 0-0 cxd4 9. exd4 a6 10. Nbd2 b5 11. a3 Bd7 12. Qc2 Re8 13. Ng5 Ne4 14. Ngxe4 dxe4 15. Bxe4 f5 16. Bd3 Rc8 17. Qb3 Bg5 18. Bxg5 Qxg5 19. Nf3 Qf6 20. Rae1 Kh8 21. Ne5 Nxe5 22. Rxe5 Bc6 23. Rfe1 g6 24. Rxe6 Rxe6 25. Qxe6 Qxe6 26. Rxe6 Kg7 27. f4 Kf7 28. Re5 Rd8 29. g4 fxg4 30. hxg4 Re8 31. Rxe8 Kxe8 32. f5 gxf5 33. Bxf5 h6 1-0

[Event "BRA-ch Amateur U1600"]
[Site "Sao Paulo"]
[Date "2022.06.16"]
[Round "2"]
[White "Antoniassi, Vinicius Dias"]
[Black "Santana, Expedito"]
[Result "0-1"]
[WhiteElo "1800"]
[BlackElo "1487"]
[PlyCount "96"]
[EventDate "2022.06.16"]
[EventType "swiss"]
[EventRounds "7"]
[EventCountry "BRA"]
[SourceTitle "CBM 208 Extra"]
[Source "ChessBase"]
[SourceDate "2022.07.31"]
[SourceVersion "1"]
[SourceVersionDate "2022.07.31"]
[SourceQuality "1"]

1. e4 c6 2. d4 d5 3. Nc3 dxe4 4. Nxe4 Nd7 5. Nf3 Ngf6 6. Bd3 Nxe4 7. Bxe4 Nf6 8. Bd3 Bg4 9. c3 e6 10. Bg5 Be7 11. 0-0 Qd5 12. Bh4 Bxf3 13. Qxf3 Qxf3 14. gxf3 0-0-0 15. f4 Bd6 16. f5 e5 17. dxe5 Bxe5 18. Rad1 Rd7 19. Rfe1 Bd6 20. Bxf6 gxf6 21. Bc4 Rhd8 22. Bb3 Be5 23. Kg2 Rd2 24. Rxd2 Rxd2 25. Rb1 Rd7 26. Rd1 Bd6 27. h4 Kd8 28. Kf3 Ke7 29. Rg1 Kf8 30. Rd1 a6 31. c4 Ke7 32. h5 h6 33. a4 Be5 34. Rxd7+ Kxd7 35. c5 Bxb2 36. Bxf7 Ba3 37. Ke4 Bxc5 38. Bc4 Bxf2 39. Bd3 Kd6 40. Bc4 Kc5 41. Kd3 b5 42. axb5 cxb5 43. Be6 b4 44. Ke4 a5 45. Kd3 a4 46. Kc2 b3+ 47. Bxb3 axb3+ 48. Kxb3 Kd4 0-1

[Event "BRA-ch Amateur U1600"]
[Site "Sao Paulo"]
[Date "2022.06.16"]
[Round "1"]
[White "Santana, Expedito"]
[Black "Volpato, Alzir"]
[Result "1/2-1/2"]
[WhiteElo "1487"]
[BlackElo "1803"]
[PlyCount "49"]
[EventDate "2022.06.16"]
[EventType "swiss"]
[EventRounds "7"]
[EventCountry "BRA"]
[SourceTitle "CBM 208 Extra"]
[Source "ChessBase"]
[SourceDate "2022.07.31"]
[SourceVersion "1"]
[SourceVersionDate "2022.07.31"]
[SourceQuality "1"]

1. d4 d5 2. Nf3 Nf6 3. Bf4 e6 4. e3 Bd6 5. Ne5 Nbd7 6. Nd2 0-0 7. Ndf3 Ne4 8. Bd3 Ndf6 9. h3 b6 10. 0-0 Bb7 11. c4 dxc4 12. Bxc4 c5 13. dxc5 Bxc5 14. Qb3 Qe7 15. Rad1 Rfd8 16. Rd3 Rxd3 17. Qxd3 Rd8 18. Qc2 Bd5 19. a3 a5 20. Bxd5 Rxd5 21. Nc6 Qd7 22. Nce5 Qd8 23. Re1 Nd7 24. Nxd7 Rxd7 25. Qc1 1/2-1/2

[Event "Caxambu op"]
[Site "Caxambu"]
[Date "2020.03.07"]
[Round "4"]
[White "Netto, Rafle Raphael"]
[Black "Santana, Expedito"]
[Result "0-1"]
[WhiteElo "1806"]
[BlackElo "1441"]
[PlyCount "84"]
[EventDate "2020.03.06"]
[EventType "swiss"]
[EventRounds "6"]
[EventCountry "BRA"]
[SourceTitle "CBM 195 Extra"]
[Source "ChessBase"]
[SourceDate "2020.05.31"]
[SourceVersion "1"]
[SourceVersionDate "2020.05.31"]
[SourceQuality "1"]

1. d4 d5 2. c4 c6 3. e3 Nf6 4. Nc3 Bf5 5. Nf3 e6 6. Be2 Bb4 7. a3 Bxc3+ 8. bxc3 Ne4 9. Qb3 Qb6 10. Qxb6 axb6 11. Bb2 Nd7 12. Nh4 Bg6 13. Nxg6 hxg6 14. cxd5 exd5 15. c4 dxc4 16. Bxc4 b5 17. Bd3 Ndf6 18. Ke2 0-0 19. f3 Nd6 20. Rac1 Rfe8 21. e4 Nd7 22. Ra1 Nb6 23. Bc3 Nd5 24. Kd2 Nxc3 25. Kxc3 Ra5 26. e5 Nf5 27. Bxf5 gxf5 28. Kb4 Rea8 29. Rhd1 Ra4+ 30. Kb3 Rd8 31. Rac1 Rc8 32. d5 c5 33. d6 Rd8 34. Rd5 Kf8 35. Rcd1 Ke8 36. Kb2 Kd7 37. R1d3 Rda8 38. Kc1 b4 39. axb4 Rxb4 40. Rxc5 Ra1+ 41. Kd2 Ra2+ 42. Ke3 f4# 0-1

[Event "Caxambu op"]
[Site "Caxambu"]
[Date "2020.03.06"]
[Round "1"]
[White "Romao, Cristian da Silva"]
[Black "Santana, Expedito"]
[Result "1-0"]
[WhiteElo "1939"]
[BlackElo "1441"]
[PlyCount "57"]
[EventDate "2020.03.06"]
[EventType "swiss"]
[EventRounds "6"]
[EventCountry "BRA"]
[SourceTitle "CBM 195 Extra"]
[Source "ChessBase"]
[SourceDate "2020.05.31"]
[SourceVersion "1"]
[SourceVersionDate "2020.05.31"]
[SourceQuality "1"]

1. e4 c6 2. d4 d5 3. exd5 cxd5 4. Bd3 Nf6 5. c3 g6 6. Nf3 Bg7 7. 0-0 0-0 8. Bf4 Nbd7 9. Nbd2 Nh5 10. Bg5 f6 11. Bh4 Nf4 12. Bc2 b5 13. Re1 Nb6 14. Bg3 Bh6 15. Bxf4 Bxf4 16. Qe2 Nc4 17. Nxc4 dxc4 18. Qe4 Bf5 19. Qxf4 Bxc2 20. Re3 Qd6 21. Qh6 g5 22. Rae1 Rfe8 23. Nxg5 fxg5 24. Qxd6 exd6 25. Rxe8+ Rxe8 26. Rxe8+ Kf7 27. Ra8 Be4 28. Rxa7+ Ke6 29. f3 1-0

[Event "Sao Paulo Carnaval op"]
[Site "Sao Paulo"]
[Date "2020.02.23"]
[Round "4"]
[White "Da Rosa, Henrique Jaze Simoe"]
[Black "Santana, Expedito"]
[Result "1-0"]
[WhiteElo "1729"]
[BlackElo "1457"]
[PlyCount "80"]
[EventDate "2020.02.22"]
[EventType "swiss"]
[EventRounds "7"]
[EventCountry "BRA"]
[SourceTitle "CBM 195 Extra"]
[Source "ChessBase"]
[SourceDate "2020.05.31"]
[SourceVersion "1"]
[SourceVersionDate "2020.05.31"]
[SourceQuality "1"]

1. Nf3 d5 2. c4 c6 3. g3 Nf6 4. Bg2 g6 5. b3 Bg7 6. Bb2 0-0 7. 0-0 Re8 8. d4 Nbd7 9. cxd5 cxd5 10. Nc3 a6 11. Rc1 b5 12. e3 Bb7 13. Ne2 Ne4 14. Nf4 Ndf6 15. Nd3 Rc8 16. Qe2 Qa5 17. Ba1 Rxc1 18. Rxc1 Rc8 19. Rxc8+ Bxc8 20. Qc2 Bd7 21. h3 e6 22. Kh2 h6 23. Nfe5 Be8 24. f3 Nd6 25. Bc3 Qc7 26. Nc5 Qc8 27. Qb2 Nf5 28. Bd2 Nd7 29. Nexd7 Bxd7 30. Qa3 Bf8 31. Qxa6 Bxc5 32. Qxc8+ Bxc8 33. dxc5 Bd7 34. e4 dxe4 35. fxe4 Ne7 36. Bxh6 Bc6 37. Bg5 Kf8 38. Kg1 f5 39. exf5 Bxg2 40. Bxe7+ Kxe7 1-0

[Event "Sao Paulo Carnaval op"]
[Site "Sao Paulo"]
[Date "2020.02.23"]
[Round "3"]
[White "Santana, Expedito"]
[Black "Bokhonok, Tatiana dos Santos"]
[Result "1-0"]
[WhiteElo "1457"]
[BlackElo "1202"]
[PlyCount "87"]
[EventDate "2020.02.22"]
[EventType "swiss"]
[EventRounds "7"]
[EventCountry "BRA"]
[SourceTitle "CBM 195 Extra"]
[Source "ChessBase"]
[SourceDate "2020.05.31"]
[SourceVersion "1"]
[SourceVersionDate "2020.05.31"]
[SourceQuality "1"]

1. b4 d5 2. Bb2 Nf6 3. d3 Bf5 4. Nd2 e6 5. a3 c5 6. b5 Qb6 7. Bxf6 gxf6 8. c4 a6 9. a4 axb5 10. axb5 Rxa1 11. Qxa1 Nd7 12. Ngf3 Rg8 13. g3 Bh6 14. Qa8+ Qd8 15. Qxb7 Bxd2+ 16. Nxd2 Rg6 17. cxd5 Qa5 18. f3 exd5 19. Qxd5 Rg5 20. Qb3 Be6 21. Qb2 c4 22. dxc4 Bxc4 23. Kf2 Bxb5 24. Ne4 Rg6 25. Qxb5 Qa7+ 26. Kg2 Kf8 27. Rg1 Ne5 28. Nxf6 Nxf3 29. Nxh7+ Kg7 30. exf3 Kxh7 31. Bd3 Qa2+ 32. Kh1 Qf2 33. Rf1 Qa2 34. Bxg6+ fxg6 35. h4 Qe6 36. Kg2 Qa2+ 37. Rf2 Qe6 38. Re2 Qc8 39. h5 gxh5 40. Qxh5+ Kg7 41. Re7+ Kf6 42. Qf7+ Kg5 43. f4+ Kh6 44. Qh7# 1-0

[Event "Sudeste/Centro-Oeste-ch U1600"]
[Site "Barbacena"]
[Date "2019.10.27"]
[Round "5"]
[White "Santana, Expedito"]
[Black "Coutinho, Marco de Castro"]
[Result "1/2-1/2"]
[WhiteElo "1475"]
[BlackElo "1687"]
[PlyCount "58"]
[EventDate "2019.10.25"]
[EventType "swiss"]
[EventRounds "6"]
[EventCountry "BRA"]
[SourceTitle "CBM 193 Extra"]
[Source "ChessBase"]
[SourceDate "2020.01.31"]
[SourceVersion "1"]
[SourceVersionDate "2020.01.31"]
[SourceQuality "1"]

1. Nf3 Nf6 2. d4 d5 3. Bf4 c6 4. e3 Qb6 5. Qc1 Nbd7 6. Be2 e6 7. 0-0 Be7 8. Nbd2 Nf8 9. h3 Ng6 10. Bh2 0-0 11. c4 c5 12. Nb3 dxc4 13. dxc5 Bxc5 14. Qxc4 Be7 15. Bc7 Qc6 16. Qxc6 bxc6 17. Rac1 Bd7 18. Nfd4 Rfc8 19. Nxc6 Bxc6 20. Rxc6 Nd5 21. Rfc1 Nb4 22. Ba6 Rxc7 23. Rxc7 Nxa6 24. R7c4 Nb4 25. a3 Nd3 26. R1c2 Nf8 27. Nd4 a5 28. Ra4 Rb8 29. Nc6 Re8 1/2-1/2

[Event "Sudeste/Centro-Oeste-ch U1600"]
[Site "Barbacena"]
[Date "2019.10.26"]
[Round "3"]
[White "Julca, Keven Anthony Mende"]
[Black "Santana, Expedito"]
[Result "0-1"]
[WhiteElo "1169"]
[BlackElo "1475"]
[PlyCount "83"]
[EventDate "2019.10.25"]
[EventType "swiss"]
[EventRounds "6"]
[EventCountry "BRA"]
[SourceTitle "CBM 193 Extra"]
[Source "ChessBase"]
[SourceDate "2020.01.31"]
[SourceVersion "1"]
[SourceVersionDate "2020.01.31"]
[SourceQuality "1"]

1. e4 c6 2. d4 d5 3. exd5 cxd5 4. Nc3 Nf6 5. Bb5+ Nc6 6. Nf3 a6 7. Bxc6+ bxc6 8. 0-0 e6 9. Bg5 Be7 10. Ne5 Qc7 11. Qf3 c5 12. Qe3 cxd4 13. Qxd4 0-0 14. Bf4 Bd6 15. Qe3 Nh5 16. g3 Nxf4 17. gxf4 Bb7 18. Ne2 f6 19. Ng4 Rfe8 20. b3 Qc6 21. Nd4 Qd7 22. Qg3 Kh8 23. Qe3 e5 24. fxe5 Qxg4+ 25. Qg3 Qxg3+ 26. fxg3 Rxe5 27. Rae1 Rae8 28. Rxe5 Rxe5 29. Nf5 Bc5+ 30. Nd4 Kg8 31. b4 Ba7 32. Kf2 Kf7 33. Kf3 Re7 34. Nf5 d4+ 35. Kg4 Rd7 36. Nxd4 Rd5 37. Re1 h5+ 38. Kf4 g5+ 39. Ke4 Rxd4+ 40. Ke3 Re4+ 41. Kd3 Rxb4 42. Rc1 0-1

[Event "Sao Paulo op-C U1700 8th"]
[Site "Sao Paulo"]
[Date "2019.10.20"]
[Round "6"]
[White "Santana, Expedito"]
[Black "Ferreira, Wagner Maria Gangin"]
[Result "1/2-1/2"]
[WhiteElo "1475"]
[BlackElo "1206"]
[PlyCount "84"]
[EventDate "2019.10.17"]
[EventType "swiss"]
[EventRounds "6"]
[EventCountry "BRA"]
[SourceTitle "CBM 192 Extra"]
[Source "Chessbase"]
[SourceDate "2019.11.06"]
[SourceVersion "1"]
[SourceVersionDate "2019.11.06"]
[SourceQuality "1"]

1. Nf3 Nc6 2. d4 e6 3. e4 Be7 4. Bd3 h6 5. a3 b6 6. b4 Nf6 7. c4 d6 8. 0-0 0-0 9. Re1 Bb7 10. b5 Nb8 11. d5 e5 12. Nbd2 a6 13. Nf1 axb5 14. cxb5 Nbd7 15. Be3 Ng4 16. Bd2 Bh4 17. Ng3 Bxg3 18. fxg3 Nc5 19. Bc2 Bc8 20. h3 Nf6 21. Bb4 Bd7 22. Bxc5 bxc5 23. a4 Qb8 24. g4 Qb6 25. Kh2 Ra7 26. g5 hxg5 27. Nxg5 c4 28. Qd2 Qd4 29. Qe3 Rfa8 30. Nf3 Qb6 31. Qc3 Nh5 32. Rf1 Nf4 33. Rae1 f6 34. Qxc4 g6 35. Qc3 Kg7 36. Ng1 g5 37. Qf3 Qc5 38. Bd1 Rh8 39. Qg3 Raa8 40. Bg4 Bxg4 41. Qxg4 Rxa4 42. Qd7+ Kg6 1/2-1/2